000 00717nam a22001697a 4500
005 20260313105058.0
010 _aBACHN26
020 _a9789359475851
_c300.00
037 _bसाहित्यगार
082 _21
_a921
100 _aत्रिपाठी,आनन्दप्रकाश रत्नेश
_988487
245 _aस्वर्णिम भारत के स्तम्भः
_bमहापुरूषों की अमरगाथा
250 _a1
260 _bसाहित्यगार
_c2025
_aजयपुर
300 _a144पृ.
_c23 सेमी(साजिल्द)
_bसचित्र
942 _2ddc
_mत्रिपाठी
_cHN
_h921
999 _c215579
_d215579